000 00623nam a2200193Ii 4500
003 JO-AjNU
008 230605s9999||||xx |||||||||||||| ||und||
040 _aJO-AjNU
_bara
_erda
_cJO-AjNU
041 _aara
050 1 4 _aPN1972 1900
100 3 _aتأليف الخادم،سعد,
_eauthor
_920115
245 0 0 _aالدمى المتحركة عند العرب
264 3 1 _aد.م: د.ن، 1900
300 _a94ص
_bملحق صور
336 _atext
_btxt
_2rdacontent
337 _aunmediated
_bn
_2rdamedia
338 _avolume
_bnc
_2rdacarrier
650 4 _aفنون - الدمى المتحركة عند العرب
_920116
999 _aA6761
_c10329
_d10329